Countries and Territories of the West Indies (Caribbean) - Statistics

General Stats
  • This quiz has been taken 23,841 times
    23,769 since last reset
  • The average score is 22 of 31
Answers on the Map
Answers color-coded by a green-red scale on the quiz's map according to % correct below.
 
Answer Stats
Group Countries/Territories % Correct
Countries Cuba
99%
Countries Haiti
99%
Countries Jamaica
99%
Countries Bahamas
98%
Countries Dominican Republic
98%
Countries Dominica
97%
Countries Barbados
96%
Countries Trinidad and Tobago
96%
Countries Saint Lucia
95%
Countries Antigua and Barbuda
94%
Countries Saint Kitts and Nevis
94%
Countries Saint Vincent and the Grenadines
93%
Countries Grenada
92%
Territories (US) Puerto Rico
91%
Territories (UK) British Virgin Islands
79%
Territories (US) US Virgin Islands
79%
Territories (Netherlands) Aruba
73%
Territories (Netherlands) Curaçao
67%
Territories (Netherlands) Sint Maarten
62%
Territories (France) Saint Martin
59%
Territories (France) Guadeloupe
57%
Territories (France) Martinique
56%
Territories (UK) Cayman Islands
53%
Territories (Netherlands) Bonaire
46%
Territories (UK) Montserrat
44%
Territories (UK) Turks and Caicos Islands
44%
Territories (UK) Anguilla
42%
Territories (France) Saint Barthélemy
33%
Territories (Netherlands) Saba
23%
Territories (Netherlands) Sint Eustatius
19%
Territories (US) Navassa
11%
No matching quizzes found
Score Distribution
Percent of People with Each Score
Percentile by Number Answered
Your Score History
You have not taken this quiz since the last reset